000 00771nam a2200193 i 4500
001 70093
003 ES-MaACL
005 20230906170722.0
007 t|
008 040716s1955 sp ||||1| spa d
100 1 _aGarcía Nájera, José María.
_955019
245 1 3 _aEl bosque, el agua y la conservación del suelo
_b: principios racionales de la influencia /
_cpor José Mª García Nájera.
260 _a[S.l. :
_bs.n.,
_c1955] (
_eMadrid :
_fTip. Artística)
300 _a6 p., 1 lám. ;
_c24 cm.
500 _aEs separata de: Comunicación nº2. Año XXVI.
500 _aPrecede al tít.: Instituto Forestal de Investigaciones y Experiencias.
710 2 _aInstituto Forestal de Investigaciones y Experiencias.
_95059
852 _aES-MaACL
_j1977-F-5
_bR.37372
999 _c70093
_d70093